Medium Term Expenditure Framework (MTEF) for 2019-2022 Ministry of Railways Development Programme Based Budget Estimates for 2019 (Record no. 5107)

MARC details
000 -LEADER
fixed length control field 00614nam a22001697a 4500
003 - CONTROL NUMBER IDENTIFIER
control field OSt
005 - DATE AND TIME OF LATEST TRANSACTION
control field 20250303120908.0
008 - FIXED-LENGTH DATA ELEMENTS--GENERAL INFORMATION
fixed length control field 250303b |||||||| |||| 00| 0 eng d
041 ## - LANGUAGE CODE
Language code of text/sound track or separate title English
082 ## - DEWEY DECIMAL CLASSIFICATION NUMBER
Classification number MTEF/MRD/19 Acc No. 241
110 ## - MAIN ENTRY--CORPORATE NAME
Corporate name or jurisdiction name as entry element Ministry of Railways Development
245 ## - TITLE STATEMENT
Title Medium Term Expenditure Framework (MTEF) for 2019-2022 Ministry of Railways Development Programme Based Budget Estimates for 2019
260 ## - PUBLICATION, DISTRIBUTION, ETC.
Place of publication, distribution, etc. Accra-Osu,
Name of publisher, distributor, etc. Parliament of Ghana.
Date of publication, distribution, etc. 2019.
300 ## - PHYSICAL DESCRIPTION
Extent 47p;tabs;pics
650 ## - SUBJECT ADDED ENTRY--TOPICAL TERM
Source of heading or term Ministry of Railways Development Programme Based Budget Estimates for 2019
942 ## - ADDED ENTRY ELEMENTS (KOHA)
Source of classification or shelving scheme Dewey Decimal Classification
Koha item type Budget Estimates
Suppress in OPAC No
Holdings
Withdrawn status Lost status Source of classification or shelving scheme Damaged status Not for loan Home library Current library Shelving location Date acquired Total checkouts Full call number Date last seen Copy number Price effective from Koha item type
    Dewey Decimal Classification     Main Library Main Library Open Shelves 03/03/2025   MTEF/MRD/19 Acc No. 241 03/03/2025 1 03/03/2025 Budget Estimates
©2026  Parliament of Ghana Library - All rights reserved